01524nam a2200361 a 4500001001000000003000500010005001700015008004100032010001100073011001100084040000900095090001000104100003500114245013900149260004100288500006000329502010900389590004100498590004000539590004000579650002600619650002700645650002600672650002900698650004700727856007000774901000700844942001000851942000600861999001900867952014000886952013601026000111984CHAP20220329144240.0151112s2015 mx a fsm |||||||spa d a108445 a109417 cCHAP aTesis1 aPérez Ruiz, Yusdivia913002910aBiodiversidad de hongos asociados a semilla de haba (Vicia faba) en variedades de México /h[En línea]cpor Yusdivia Pérez Ruiz. aChapingo, Méx. :bEl autor,c2015. aPara ver el contenido del material haga clic en la liga aTesis (Ing. Agr. Esp. en Parasitología Agrícola) -- UACH. Departamento de Parasitología Agrícola aE11695DGDb10c20151114lUCH01h1143 aE6096MTMb05c20151112lUCH01h1224 aE6096MTMb05c20151112lUCH01h122514aBiodiversidad.91272414aHabaxMéxico.95211714aHabaxSemilla.95212414aHabaxVariedades.95212814aSemillasxEnfermedades por hongos.9103899 aFinding aiduhttp://10.13.5.2/tesis/sist111984.pdfzTeclea aquí aBK cTESIS n0 c108445d108445 00102local4053708TESISaBCbBCcPA_TESISd2015-11-12fTESISl0oTesisp33724002510439r2019-12-31 00:00:00tc.2w2019-12-31yTESIS 00104054718TESISaBCbBCd2015-11-12fTESISl0oTesisp33724002510545r2019-12-31 00:00:00w2019-12-31yTESISzRecien adquirido